=LDR 00000nam 2200000 4500 =001 INLIS000000000029720 =005 20150314112342.0 =006 =007 =008 ind =035 ##$$0010-061300000029720 =041 ##$$a ind =082 ##$$a 635.8 =090 ##$$a 635.8, SIN j =100 ##$$a Sinaga, Meity Suradji =245 ##$$a Jamur merang dan budi dayanya, Meity Suradji Sinaga =260 ##$$a 2007 $b Jakarta =300 ##$$a x, 86 hlm., ilus., 21 cm =650 ##$$a Jamur Merang =850 ##$$a NBPNMAT =990 ##$$a 21400613/BPAP-NTB/20142014